Demand management best practices: (Record no. 5108)
[ view plain ]
| 000 -LEADER | |
|---|---|
| fixed length control field | 01538cam a22003134a 4500 |
| 001 - CONTROL NUMBER | |
| control field | 13109364 |
| 005 - DATE AND TIME OF LATEST TRANSACTION | |
| control field | 20161010110111.0 |
| 008 - FIXED-LENGTH DATA ELEMENTS--GENERAL INFORMATION | |
| fixed length control field | 030303s2003 flua b 001 0 eng |
| 010 ## - LIBRARY OF CONGRESS CONTROL NUMBER | |
| LC control number | 2003004913 |
| 020 ## - INTERNATIONAL STANDARD BOOK NUMBER | |
| International Standard Book Number | 1932159010 |
| 040 ## - CATALOGING SOURCE | |
| Original cataloging agency | DLC |
| Transcribing agency | DLC |
| Modifying agency | DLC |
| 042 ## - AUTHENTICATION CODE | |
| Authentication code | pcc |
| 050 00 - LIBRARY OF CONGRESS CALL NUMBER | |
| Classification number | HD38.5 |
| Item number | .C78 2003 |
| 082 00 - DEWEY DECIMAL CLASSIFICATION NUMBER | |
| Classification number | DC 658.5 |
| Edition number | 2003 |
| Item number | C88 |
| 100 1# - MAIN ENTRY--PERSONAL NAME | |
| Personal name | Crum, Colleen, |
| Dates associated with a name | 1953- |
| 245 10 - TITLE STATEMENT | |
| Title | Demand management best practices: |
| Remainder of title | process, principles, and collaboration/ |
| Statement of responsibility, etc. | Colleen Crum with George E. Palmatier. |
| 260 ## - PUBLICATION, DISTRIBUTION, ETC. (IMPRINT) | |
| Place of publication, distribution, etc. | Boca Raton, Fla.: |
| Name of publisher, distributor, etc. | J. Ross Publishing, |
| Date of publication, distribution, etc. | c2003. |
| 300 ## - PHYSICAL DESCRIPTION | |
| Extent | xv, 239 pages: |
| Other physical details | illustrations; |
| Dimensions | 24 cm. |
| 440 #0 - SERIES STATEMENT/ADDED ENTRY--TITLE | |
| Title | Integrated business management series |
| 500 ## - GENERAL NOTE | |
| General note | "Co-published with APICS"--Cover. |
| 504 ## - BIBLIOGRAPHY, ETC. NOTE | |
| Bibliography, etc | Includes bibliographical references and index. |
| 505 0# - FORMATTED CONTENTS NOTE | |
| Formatted contents note | What is demand management -- Is demand management worth the effort? -- Principles of demand planning -- Principles of communicating demand -- Principles of influencing demand -- Managing and prioritizing demand -- Multiple views of demand -- The human quotient -- Planning strategies for managing uncertainty -- Performance measurements -- Role of technology -- Demand collaboration -- Demand consensus and integration. |
| 650 #0 - SUBJECT ADDED ENTRY--TOPICAL TERM | |
| Topical term or geographic name as entry element | Business logistics. |
| 700 ## - ADDED ENTRY--PERSONAL NAME | |
| Personal name | Palmatier, George E. |
| 9 (RLIN) | 15911 |
| Relator term | Author |
| 365 ## - TRADE PRICE | |
| Price amount | 3850.00 |
| Currency code | Php |
| 906 ## - LOCAL DATA ELEMENT F, LDF (RLIN) | |
| a | 7 |
| b | cbc |
| c | orignew |
| d | 1 |
| e | ecip |
| f | 20 |
| g | y-gencatlg |
| 942 ## - ADDED ENTRY ELEMENTS (KOHA) | |
| Source of classification or shelving scheme | Dewey Decimal Classification |
| Koha item type | Circulation |
| Withdrawn status | Lost status | Source of classification or shelving scheme | Damaged status | Not for loan | Collection code | Home library | Current library | Date acquired | Source of acquisition | Total Checkouts | Full call number | Barcode | Date last seen | Price effective from | Koha item type |
|---|---|---|---|---|---|---|---|---|---|---|---|---|---|---|---|
| Dewey Decimal Classification | Circulation | UM Digos College - LIC | UM Digos College - LIC | 07/02/2004 | Purchased | DC 658.5 C88 2004 | 17333 | 05/15/2025 | 10/10/2016 | Circulation |
